Normal view
MARC view
- Theory and design for Mechanical Measurements
Entry Topical Term
001 - CONTROL NUMBER
- control field: 69544
003 - CONTROL NUMBER IDENTIFIER
- control field: NUST
005 - DATE AND TIME OF LATEST TRANSACTION
- control field: 20210628204240.0
008 - FIXED-LENGTH DATA ELEMENTS
- fixed length control field: 210628|| aca||aabn | a|a d
040 ## - CATALOGING SOURCE
- Original cataloging agency: NUST
- Transcribing agency: NUST
150 ## - HEADING--TOPICAL TERM
- Topical term or geographic name entry element: Theory and design for Mechanical Measurements
670 ## - SOURCE DATA FOUND
- Source citation: Work cat.: (NUST): Figliola, Richard S. 69543, Theory and design for mechanical measurements, 2015
